000 01123nam a2200289Ia 4500
003 CO-BoRNBP
005 20231024210951.0
008 160713s2009 c a g 000 0 s
020 _a9789588469287
040 _aCO-BoRNBP
_bspa
_erda
_cCO-BoRNBP
082 0 4 _a303.69 C733
_222
110 2 _aComisión Nacional de Reparación y Reconciliación (Colombia). Grupo de Memoria Histórica
_987481
245 1 0 _aMemorias en tiempo de guerra
_brepertorio de iniciativas
_cGrupo de Memoria Histórica
250 _aEdición especial
264 _aBogotá
_bPuntoaparte
_c2009
300 _a250 páginas
_bilustraciones a color
_c23 cm
336 _atexto
_btxt
_2rdacontent
337 _asin mediación
_bn
_2rdamedia
338 _avolumen
_bnc
_2rdacarrier
490 _aPlan Nacional de Lectura y Escritura Leer es mi Cuento. 2013
504 _aIncluye bibliografía
650 1 4 _2LEMB
_aReparación (Justicia Penal)
_zColombia
_987571
650 1 4 _2LEMB
_aConflicto armado
_zColombia
_94301
650 1 4 _2LEMB
_aReconciliación
_zColombia
_987562
650 1 4 _2LEMB
_aVictimas de la violencia
_zColombia
_987572
942 _2ddc
_cBK
999 _c3009
_d3009